00520nam a2200169Ia 4500008004100000040001300041100001100054100001900065245007100084260001400155260001000169260000900179300000700188700003600195999001700231952010200248180420s9999 xx 000 0 und d aPK-NaQUE a14CE17 aAsad Ali Shah  0aAnalysis and Design of 11 Story Residencial Building Using Etabs  aNawabshah bQUEST c2014 a58 aDepartment Of Civil Engineering c58458d58455 00104070aQUESTCLbRESEARCHd2018-04-23l0pCEP/52-633r2018-04-23 00:00:00w2018-04-23yTHESIS